Things In People Quiz Stats

Quiz Updated Sep 26, 2013

Also try: Kid Presidents
Challenge
Share
Tweet
Score 0/20 Timer 05:00
12 Plays Today
% Correct
Fork
94.7%
Glasses
91%
Car Keys
90.7%
Hemostat
89.6%
Nail
89.4%
Ring
88.5%
Safety pin
87%
Cassette tape
83.4%
Bullet
81.4%
Knife
57.8%
% Correct
Pruning shears
56.2%
Cell phone
52.5%
Fence post
41.9%
Buzz Lightyear
39.8%
Saints logo earring
39.8%
Screwdriver
35%
Christmas lights
32.5%
iPod
32.4%
Arrow
27.9%
Thermometer
23.1%

You're not logged in!

Compare scores with friends on all Sporcle quizzes.
Sign Up with Email
OR
Log In

You Might Also Like...

Show Comments

Extras

Top Quizzes Today


Score Distribution

Your Account Isn't Verified!

In order to create a playlist on Sporcle, you need to verify the email address you used during registration. Go to your Sporcle Settings to finish the process.